Pranaya Sancharathil/ (Record no. 145578)

000 -LEADER
fixed length control field 00386nam a22001457a 4500
082 ## - DEWEY DECIMAL CLASSIFICATION NUMBER
Classification number M301
Item number HAF/P
100 ## - MAIN ENTRY--AUTHOR NAME
Personal name Hafiz Muhammed
245 ## - TITLE STATEMENT
Title Pranaya Sancharathil/
Statement of responsibility, etc by Hafiz Muhammed
260 ## - PUBLICATION, DISTRIBUTION, ETC. (IMPRINT)
Place of publication Kottayam:
Name of publisher Sahitya Pravarthaka Cooperative Society,
Year of publication 2000.
300 ## - PHYSICAL DESCRIPTION
Number of Pages 90p.
650 ## - SUBJECT ADDED ENTRY--TOPICAL TERM
Topical Term Stories Malayalam
650 ## - SUBJECT ADDED ENTRY--TOPICAL TERM
Topical Term Literature Malayalam
650 ## - SUBJECT ADDED ENTRY--TOPICAL TERM
Topical Term Literature
942 ## - ADDED ENTRY ELEMENTS (KOHA)
Koha item type Book
Holdings
Withdrawn status Lost status Damaged status Not for loan Permanent Location Current Location Shelving location Date acquired Cost, normal purchase price Full call number Accession Number Price effective from Koha item type
        Sree Sankaracharya University of Sanskrit Sree Sankaracharya University of Sanskrit Stacks 17.11.2020 50.00 M301 HAF/P 101075 17.11.2020 Book
Write off       Sree Sankaracharya University of Sanskrit Sree Sankaracharya University of Sanskrit Stacks 15.03.2024 50.00 M301 HAF/P 039516 15.03.2024 Book